000 00909nam a2200253 i 4500
003 DO-SdBNP
005 20240307073950.0
006 a||||gr|||| 00| 0
007 ta
008 230922e2010 dr ||||| |||| 00| 0 spa d
040 _aDO-SdBNP
_bspa
_cBNPHU
_erda
082 4 _222
_bR426c 2010
110 1 _aRepública Dominicana.
_b Junta Central Electoral
_964605
245 1 0 _aConstitución de la República Dominicana :
_bproclamada el 26 de enero del 2010. /
_cEditor, Nurys Paulino
246 1 1 _aConstitución (2010)
264 _aSanto Domingo de Guzmán, República Dominicana :
_bEscuela Nacional de Formación Electoral y del Estado Civil,
_c2010
300 _a224 páginas ;
_c13 cm.
336 _2rdacontent
_atexto
_btxt
337 _2rdamedia
_atexto
_btxt
338 _2rdacarrier
_avolumen
_bnc
590 _aInventariado 2023 / MF
700 1 _aPaulino, Nurys,
_922136
_eeditor
942 _2ddc
_cLBS1
999 _c54896
_d54896